[Event "Barcelona Primavera CE op"]
[Site "Barcelona"]
[Date "2021.04.24"]
[Round "1"]
[White "Gallego Montes, Antonio"]
[Black "Cacho Lafuente, Marc"]
[Result "1-0"]
[WhiteElo "1778"]
[BlackElo "1262"]
[PlyCount "51"]
[EventDate "2021.04.24"]
[EventType "swiss"]
[EventRounds "9"]
[EventCountry "ESP"]
[SourceTitle "EXT 2022"]
[Source "ChessBase"]
[SourceDate "2021.10.06"]
[SourceVersion "1"]
[SourceVersionDate "2021.10.06"]
[SourceQuality "1"]

1. e4 e5 2. Nc3 Nf6 3. g3 Nc6 4. Bg2 d6 5. Nge2 Be7 6. d3 0-0 7. f4 Bd7 8. f5 h6 9. Bf3 Nh7 10. h4 Nf6 11. Be3 a6 12. Qd2 Kh7 13. g4 Ng8 14. g5 f6 15. 0-0-0 b5 16. Nd5 Be8 17. Rdg1 a5 18. Rh3 a4 19. gxh6 Nxh6 20. Rhg3 Bf7 21. Rxg7+ Kh8 22. Bxh6 Bxd5 23. exd5 Nd4 24. Nxd4 exd4 25. Bf4 Qd7 26. Bxd6 1-0

[Event "Barcelona Electrica Baleares op 2nd"]
[Site "Barcelona"]
[Date "2019.05.17"]
[Round "9"]
[White "Cacho Lafuente, Marc"]
[Black "Segador Sanchez, Didac"]
[Result "1/2-1/2"]
[WhiteElo "1264"]
[BlackElo "1765"]
[PlyCount "75"]
[EventDate "2019.03.15"]
[EventType "swiss"]
[EventRounds "9"]
[EventCountry "ESP"]
[SourceTitle "CBM 190 Extra"]
[Source "ChessBase"]
[SourceDate "2019.07.15"]
[SourceVersion "1"]
[SourceVersionDate "2019.07.15"]
[SourceQuality "1"]

1. e4 c5 2. Nf3 d6 3. Bb5+ Nc6 4. d4 cxd4 5. Nxd4 Bd7 6. Nxc6 bxc6 7. Be2 Nf6 8. Nc3 g6 9. Bg5 Bg7 10. 0-0 0-0 11. Qd2 Rb8 12. Rab1 Ng4 13. Bxg4 Bxg4 14. h3 Be6 15. b3 Qd7 16. Qe3 f5 17. Bh6 Rf7 18. Bxg7 Rxg7 19. Ne2 fxe4 20. Qxe4 Bf5 21. Qc4+ d5 22. Qc5 e5 23. f4 Rb5 24. Qc3 d4 25. Qc4+ Be6 26. Qd3 e4 27. Qxd4 Rd5 28. Qxe4 Re7 29. Qf3 Bf5 30. Nc3 Rd2 31. Rbd1 Qd4+ 32. Rf2 Rxd1+ 33. Nxd1 Re1+ 34. Kh2 Rxd1 35. Qxc6 Qxf2 36. Qe8+ Kg7 37. Qe7+ Kg8 38. Qe8+ 1/2-1/2

[Event "Barcelona Electrica Baleares op 2nd"]
[Site "Barcelona"]
[Date "2019.04.26"]
[Round "6"]
[White "Cacho Lafuente, Marc"]
[Black "Cabrera Marmol, Manel"]
[Result "0-1"]
[WhiteElo "1264"]
[BlackElo "1717"]
[PlyCount "98"]
[EventDate "2019.03.15"]
[EventType "swiss"]
[EventRounds "9"]
[EventCountry "ESP"]
[SourceTitle "CBM 190 Extra"]
[Source "ChessBase"]
[SourceDate "2019.07.15"]
[SourceVersion "1"]
[SourceVersionDate "2019.07.15"]
[SourceQuality "1"]

1. c4 e5 2. g3 Nf6 3. Bg2 d5 4. cxd5 Nxd5 5. d3 Bc5 6. Nf3 Nc6 7. 0-0 Qe7 8. e4 Nb6 9. Nc3 Bg4 10. h3 Bh5 11. g4 Bg6 12. Bg5 f6 13. Be3 Bxe3 14. fxe3 0-0-0 15. Qc2 Nb4 16. Qe2 Nxd3 17. Rad1 Nc5 18. Nd5 Nxd5 19. exd5 e4 20. Nh4 Rd6 21. Nxg6 hxg6 22. Qc4 Nd3 23. Bxe4 Nxb2 24. Qd4 Nxd1 25. Rxd1 Rxh3 26. Kg2 Rh6 27. Rh1 f5 28. Bf3 Rxh1 29. Kxh1 Ra6 30. a4 Qd7 31. Bd1 Kb8 32. Kg2 Rd6 33. Bf3 Qf7 34. gxf5 gxf5 35. Kg1 c6 36. Qe5 Qg6+ 37. Kf2 cxd5 38. Bxd5 Qf6 39. Qf4 Ka8 40. Bf3 g5 41. Qb4 Rb6 42. Qc5 a6 43. a5 Rb2+ 44. Kg3 Qh8 45. Bxb7+ Rxb7 46. Qc6 Qh4+ 47. Kf3 Qe4+ 48. Qxe4 fxe4+ 49. Kg3 Rb5 0-1